| 000 | 01232nam a22002777a 4500 | ||
|---|---|---|---|
| 999 |
_c121402 _d121402 |
||
| 003 | dpl | ||
| 005 | 20190506121344.0 | ||
| 008 | 190506b ||||| |||| 00| 0 eng d | ||
| 010 | _aB-245648 | ||
| 020 |
_c250.00 _a8189462415 |
||
| 035 | _aB-245648, B-245663 | ||
| 037 | _bCen Lib/Ret | ||
| 040 |
_aDPL _bHN _c0 |
||
| 082 |
_a640.711 _bशर्माश |
||
| 100 |
_aशर्मा, शकुंतला _997082 |
||
| 245 |
_aगृह विज्ञान शिक्षण / _cशकुंतला शर्मा |
||
| 246 |
_aGrih vigyan shikshan / _bby Shakuntala Sharma |
||
| 260 |
_aजयपुर _bअपोलो प्रकाशन _c2008 |
||
| 270 |
_bजयपुर _a25, सिद्धेश्वर महादेव मंदिर के पीछे, पिंक सिटी, राजापार्क |
||
| 300 |
_a184पृ. : _c20सेमी(सजिल्द ) _bसचित्र |
||
| 650 |
_aगृह विज्ञान _x _z _986966 |
||
| 650 |
_aगृह विज्ञान -- शिक्षण _976361 |
||
| 650 |
_aHome Science _989348 |
||
| 650 |
_aHome Science - Education _997083 |
||
| 942 |
_2ddc _cHN _h640.711 _mशर्माश |
||